Siirry sisältöön

Исследование свободных электрических затухающих колебаний учебно-методическое пособие по выполнению лабораторных работ Ч. 1 Исследование свободных электрических затухающих колебаний : учебно-методическое пособие по выполнению лабораторных работ

Написано в соответствии с программой курса физики по разделу «Колебания и волны». Приведены описание лабораторной установки и метода измерения, порядок выполнения работы, задания к работе и контрольные вопросы. Предназначено для студентов первого курса технических специальностей всех форм обучения....

Täydet tiedot

Tallennettuna:
Bibliografiset tiedot
Aineistotyyppi: Книга
Kieli:Russian
Julkaistu: Санкт-Петербург СПбГУТ им. М.А. Бонч-Бруевича 2023
Aiheet:
Linkit:https://e.lanbook.com/book/425921
https://e.lanbook.com/img/cover/book/425921.jpg
Tagit: Lisää tagi
Ei tageja, Lisää ensimmäinen tagi!
LEADER 02023nam0a2200277 i 4500
001 425921
003 RuSpLAN
005 20240819114552.0
008 240819s2023 ru gs 000 0 rus
040 |a RuSpLAN 
041 0 |a rus 
044 |a ru 
080 |a 537.86 
245 1 |a Исследование свободных электрических затухающих колебаний  |b учебно-методическое пособие по выполнению лабораторных работ  |n Ч. 1  |p Исследование свободных электрических затухающих колебаний : учебно-методическое пособие по выполнению лабораторных работ 
260 |a Санкт-Петербург  |b СПбГУТ им. М.А. Бонч-Бруевича  |c 2023 
300 |a 19 с. 
504 |a Библиогр.: доступна в карточке книги, на сайте ЭБС Лань 
520 8 |a Написано в соответствии с программой курса физики по разделу «Колебания и волны». Приведены описание лабораторной установки и метода измерения, порядок выполнения работы, задания к работе и контрольные вопросы. Предназначено для студентов первого курса технических специальностей всех форм обучения. 
521 8 |a Книга из коллекции СПбГУТ им. М.А. Бонч-Бруевича - Физика 
521 8 |a СЭБ 
653 0 |a электромагнитные колебания 
653 0 |a свободные колебания 
653 0 |a затухающие колебания 
856 4 |u https://e.lanbook.com/book/425921 
856 4 8 |u https://e.lanbook.com/img/cover/book/425921.jpg 
953 |a https://e.lanbook.com/img/cover/book/425921.jpg